Soil fertility investigations on farmers' fields (Record no. 41001)
[ view plain ]
| 000 -LEADER | |
|---|---|
| fixed length control field | 00281nam a2200109Ia 4500 |
| 082 ## - DEWEY DECIMAL CLASSIFICATION NUMBER | |
| Classification number | 631.452 |
| Item number | HAU |
| 100 ## - MAIN ENTRY--AUTHOR NAME | |
| Personal name | Hauser, G F |
| 245 #0 - TITLE STATEMENT | |
| Title | Soil fertility investigations on farmers' fields |
| 260 ## - PUBLICATION, DISTRIBUTION, ETC. (IMPRINT) | |
| Place of publication | Rome |
| Name of publisher | FAO |
| Year of publication | 1970 |
| 942 ## - ADDED ENTRY ELEMENTS (KOHA) | |
| Koha item type | Books |
| Withdrawn status | Lost status | Damaged status | Not for loan | Home library | Current library | Date acquired | Cost, normal purchase price | Full call number | Accession Number | Koha item type |
|---|---|---|---|---|---|---|---|---|---|---|
| RRII Library | RRII Library | 16/12/2021 | 10.00 | 631.452 HAU | 21294 | Books |